Southville International School and Colleges
Your cart is empty.
  • Cart
  • Lists
    Public lists Eva Luna New books Lux_list list_1
    Your lists Log in to create your own lists
  • Log in to your account
  • Your cookies
  • Search history
Southville International School and Colleges
  • Advanced search
  • Recent comments
  • Most popular
  • Libraries

Log in to your account

Log in with GOOGLE


If you do not have an external account, but do have a local account, you can still log in:

  1. Home
  2. MARC view: Math without fear :
Normal view MARC view ISBD view

Math without fear : (Record no. 103204)

[ view plain ]
MARC details
000 -LEADER
fixed length control field 00625nam a2200181 a 4500
005 - DATE AND TIME OF LATEST TRANSACTION
control field 20140412111254.0
008 - FIXED-LENGTH DATA ELEMENTS--GENERAL INFORMATION
fixed length control field 010328s19uu xx 00 eng d
020 ## - INTERNATIONAL STANDARD BOOK NUMBER
International Standard Book Number 0-205-16021-2
050 ## - LIBRARY OF CONGRESS CALL NUMBER
Classification number TR(GS 372.7
Item number M318 1996
100 ## - MAIN ENTRY--PERSONAL NAME
Personal name Martinez, Joseph G. R.
245 ## - TITLE STATEMENT
Title Math without fear :
Remainder of title a guide for preventing math anxiety in children /
Statement of responsibility, etc Joseph G. R. Martinez with Nancy C. Martinez.
260 ## - PUBLICATION, DISTRIBUTION, ETC. (IMPRINT)
Place of publication, distribution, etc Massachusettes :
Name of publisher, distributor, etc Allyn and Bacon,
Date of publication, distribution, etc 1996.
300 ## - PHYSICAL DESCRIPTION
Extent 167 p.
500 ## - GENERAL NOTE
General note Includes bibliographical references and index.
650 ## - SUBJECT ADDED ENTRY--TOPICAL TERM
Topical term or geographic name as entry element Math anxiety
650 ## - SUBJECT ADDED ENTRY--TOPICAL TERM
Topical term or geographic name as entry element Mathematics - study and teaching
Holdings
Withdrawn status Lost status Damaged status Home library Current library Shelving location Date acquired Source of acquisition Total Checkouts Full call number Barcode Date last seen Price effective from Koha item type
      Elizalde Library Elizalde Library Teachers Reference Section 03/28/2001     TR(GS 372.7 M318 1996 E4000 04/12/2014 04/12/2014 Books

Math without fear :

APA

Martinez J. G. R., . (1996). Math without fear. Massachusettes: Allyn and Bacon.

Chicago

Martinez Joseph G R, . 1996. Math without fear. Massachusettes: Allyn and Bacon.

Harvard

Martinez J. G. R., . (1996). Math without fear. Massachusettes: Allyn and Bacon.

MLA

Martinez Joseph G R, . Math without fear. Massachusettes: Allyn and Bacon. 1996.

  • Place hold
  • Print
  • Cite
  • Add to your cart (remove)
  • Save record
    BIBTEX Dublin Core MARCXML MARC (non-Unicode/MARC-8) MARC (Unicode/UTF-8) MARC (Unicode/UTF-8, Standard) MODS (XML) RIS
  • More searches
    Search for this title in:
    Other Libraries (WorldCat) Other Databases (Google Scholar) Online Stores (Bookfinder.com) Open Library (openlibrary.org)

Exporting to Dublin Core...

SOUTHVILLE LIBRARY

Southville International School and Colleges Library

1281 Tropical Ave. Cor. Luxembourg St., BF Homes International, Las Pinas City

Tel. No. 8256374 / 252358 Loc. 117/146

Powered by Koha